Applied statistics in business and economics / (Record no. 6009)

MARC details
000 -LEADER
fixed length control field 01655cam a22002894a 4500
020 ## - INTERNATIONAL STANDARD BOOK NUMBER
ISBN 0072966939 (student ed.)
020 ## - INTERNATIONAL STANDARD BOOK NUMBER
ISBN 0072966963 (instructors ed.)
020 ## - INTERNATIONAL STANDARD BOOK NUMBER
ISBN 0072966947 (student CDROM)
020 ## - INTERNATIONAL STANDARD BOOK NUMBER
ISBN 0073215759
020 ## - INTERNATIONAL STANDARD BOOK NUMBER
ISBN 9780072966947 (student CDROM)
020 ## - INTERNATIONAL STANDARD BOOK NUMBER
ISBN 9780073215754
020 ## - INTERNATIONAL STANDARD BOOK NUMBER
ISBN 9780072966930 (student ed.)
020 ## - INTERNATIONAL STANDARD BOOK NUMBER
ISBN 9780072966961 (instructors ed.)
050 00 - CALL NUMBER
Classification number HF1017
Item number .D55
100 1# - AUTHOR
Personal name Doane, David P.
245 10 - TITLE
Title Applied statistics in business and economics /
Statement of responsibility, etc David P. Doane, Lori E. Seward.
260 ## - PUBLICATION INFORMATION
Place of publication Boston :
Name of publisher McGraw-Hill/Irwin,
Year of publication c2007.
300 ## - DESCRIPTION
Number of Pages xxiii, 834 p. :
Other physical details ill. (some col.) ;
Dimensions 29 cm. +
Accompanying material 1 CD-ROM (4 3/4 in.).
500 ## - NOTES
General note Includes index
505 ## - FORMATTED CONTENTS NOTE
Table of Content Chapter One: Overview of statistics Chapter --<br/>Two: Data collection --<br/>Chapter Three: Describing data visually --<br/>Chapter Four: Descriptive statistics --<br/>Chapter Five: Probability --<br/>Chapter Six: Discrete distributions --<br/>Chapter Seven: Continuous distributions --<br/>Chapter Eight: Sampling distributions and estimation --<br/>Chapter Nine: Hypothesis testing: One Sample --<br/>Chapter Ten: Hypothesis testing: Two sample tests --<br/>Chapter Eleven: Analysis of variance --<br/>Chapter Twelve: Bivariate regression --<br/>Chapter Thirteen: Multiple regression --<br/>Chapter Fourteen: Time series analysis --<br/>Chapter Fifteen: Chi-square tests --<br/>Chapter Sixteen: Nonparametric tests --<br/>Chapter Seventeen: Quality management
650 #0 - SUBJECTS
Topical Term Commercial statistics.
650 #0 - SUBJECTS
Topical Term Management
General subdivision Statistical methods.
650 #0 - SUBJECTS
Topical Term Economics
General subdivision Statistical methods.
650 #0 - SUBJECTS
Topical Term Statistics.
700 1# - OTHER AUTHORS
Personal name Seward, Lori Welte,
942 ## - ADDED ENTRY ELEMENTS (KOHA)
Koha item type Books
Holdings
Withdrawn status Lost status Collection code Home library Current library Shelving location Date acquired Full call number Accession Number Koha item type
    Reference Methodist University Library Main Methodist University Library Main General Stacks 27/08/2019 HF1017 .D55 21933 Books
    Reference Methodist University Library Main Methodist University Library Main General Stacks 27/08/2019 HF1017 .D55 21932 Books
Copyright © 2026  MUG Library